African History Quiz - Statistics

General Stats
  • This quiz has been taken 145 times
  • The average score is 12 of 20
Answer Stats
Hint Answer % Correct
Big tomb structures build in ancient Egypt Pyramids
96%
First black president of South Africa Nelson Mandela
87%
Rival city of Rome located in Tunisia Carthage
77%
Name of the Democratic Republic of the Congo between 1971 and 1997 Zaire
74%
First European nation to explore and colonize Africa Portugal
72%
Name for Dutch settlers in South Africa Boers
70%
King of Mali and one of the richest persons of all times Mansa Musa
70%
Ancient Sudanese kingdom Kush
68%
Belgian king responsible for the slaugthering of millions in the Congo Leopold II
68%
Famous General from that city in the 2. Punic War Hannibal Barca
63%
Country which was ruled by the Solomonid Dynasty from 1270 to 1974 Ethiopia
62%
Country, where the Mau Mau Uprising took place Kenya
61%
People group, which migrated from Cameroon to large parts of southern Africa Bantu
59%
Last Emperor of this Dynasty Haile Selassie
50%
Import center of scholarship in this empire Timbuktu
50%
Year of Africa, where large parts were decolonized 1960
49%
International conference discussing the partition of Africa between colonial powers Berlin Conference
46%
Niger River empire, which conquered large parts of the Mali Empire Songhai
40%
Scholar from Morocco, who visited many countries in the 14.Century Ibn Battuta
32%
Powerful medieval kingdom centered in the Chad Basin Kanem
17%
No matching quizzes found
Score Distribution
Percent of People with Each Score
Percentile by Number Answered
Your Score History
You have not taken this quiz